Mujeres en el trueque en Argentina: las implicaciones de su participación /
La autora hace referencia a los nuevos ámbitos de participación, como así también a sus principales actores, que surgieron como consecuencia de la última crisis ocurrida en Argentina. Analiza en profundidad la expansión de las redes de trueque, que en 2002 alcanzaron a beneficiar hasta 6 millones de...
Uloženo v:
| Hlavní autor: | |
|---|---|
| Médium: | Text |
| Témata: | |
| Tagy: |
Přidat tag
Žádné tagy, Buďte první, kdo vytvoří štítek k tomuto záznamu!
|
MARC
| LEADER | 00000 a a2200000 04500 | ||
|---|---|---|---|
| 001 | 43251 | ||
| 003 | |||
| 040 | |||
| 100 | |a Egüez Guevara, Pilar | ||
| 245 | |a Mujeres en el trueque en Argentina: |b las implicaciones de su participación / |c Pilar Egüez Guevara | ||
| 520 | |a La autora hace referencia a los nuevos ámbitos de participación, como así también a sus principales actores, que surgieron como consecuencia de la última crisis ocurrida en Argentina. Analiza en profundidad la expansión de las redes de trueque, que en 2002 alcanzaron a beneficiar hasta 6 millones de argentinos y que para al menos 2,5 millones llegaron a representar su única fuente de subsistencia y espacio de distensión. Dentro de sus análisis puede observarse que en dichos espacios las mujeres pobres y empobrecidas son los actores centrales. Esta característica genera diversas tensiones, tales como la reproducción de los estereotipos y el consecuente reforzamiento de la división sexual del trabajo. | ||
| 650 | |a PARTICIPACION SOCIAL | ||
| 650 | |a ECONOMIA | ||
| 650 | |a MUJERES | ||
| 650 | |a TRABAJO | ||
| 650 | |a ARGENTINA | ||
| 773 | |g páginas 297-336 | ||
| 999 | |c 39322 |d 39322 | ||
